000 08563cam a2201753 a 4500
999 _c54456
001 10582181
003 LIBRIS
005 20201111141831.0
008 071024s2008 sw |||||||||||000 f|swe|c
020 _a9789100118990
_qinb.
035 _a(Bo)410111
035 _a(Mo)b1671456
040 _aLGEN
_dQ
_dNB
_ea
041 _aswe
082 0 4 _a839.73
_222 (machine generated)
084 _aHc.01
_2kssb/8
084 _aHc.01
_2kssb/8
084 _aHc.01
_2kssb/8
100 1 _aPaulrud, Anders,
_d1951-2008
_0https://libris.kb.se/ljx01qc45dzq4g4#it
245 1 0 _aFjärilen i min hjärna :
_broman /
_cav Anders Paulrud.
264 1 _aStockholm :
_bBonnier,
_c2008
264 3 _aFalun :
_bScandbook
300 _a130, [1] s.
500 _aOriginalupplaga 2008
500 _5Bo
_aAnnan upplaga kan finnas vid biblioteket
500 _5LnuV
_a2. tr.
500 _5Mo
_aOriginalupplaga
500 _5Mo
_asvenska
500 _5S
_aTryckningar finns
650 2 _aLiterature, modern
650 2 _aMedicine in literature
650 2 _aDeath
_vpersonal narratives
650 2 _aAttitude to death
_vpersonal narratives
650 2 _aBrain neoplasms
_vpersonal narratives
650 2 _aLung neoplasms
_vpersonal narratives
650 4 _aMänniskan inför döden
650 4 _aCancer
650 4 _aSkönlitteratur
653 _aMänniskan inför döden
653 _aCancer
653 _aSkönlitteratur
653 _aSkönlitteratur
655 4 _5Mo
_aBok
887 _a{"@id":"1jbb28bc560fdlh","modified":"2018-10-30T23:00:00+01:00","checksum":"41522100541"}
_2librisxl
887 _a{"@id":"9fm9ddfg0qn8nz6","modified":"2014-08-25T11:59:10+02:00","checksum":"52678304689"}
_2librisxl
887 _a{"@id":"x296z9n3075h99m","modified":"2016-01-25T12:10:18+01:00","checksum":"52912883243"}
_2librisxl
887 _a{"@id":"7ckhpzvd4dh1mgs","modified":"2008-02-26T10:54:11+01:00","checksum":"54829914086"}
_2librisxl
887 _a{"@id":"v06t8nx127vv1mh","modified":"2014-04-01T11:32:24+02:00","checksum":"44178950837"}
_2librisxl
887 _a{"@id":"djqnv47k5nm8wsc","modified":"2008-03-03T15:50:54+01:00","checksum":"46873983144"}
_2librisxl
887 _a{"@id":"hmtrl32n5d9kcq4","modified":"2009-03-02T14:29:14+01:00","checksum":"42903828067"}
_2librisxl
887 _a{"@id":"tz5351k05m7rp4d","modified":"2014-03-28T14:28:37+01:00","checksum":"54362776218"}
_2librisxl
887 _a{"@id":"z3978js44mdt08q","modified":"2015-12-07T10:45:50+01:00","checksum":"50552661085"}
_2librisxl
887 _a{"@id":"kpwttw3q4x8vsw8","modified":"2008-01-21T09:13:51+01:00","checksum":"76715526327"}
_2librisxl
887 _a{"@id":"w176crn220g020c","modified":"2008-08-25T10:06:12+02:00","checksum":"53719846243"}
_2librisxl
887 _a{"@id":"bgnlm1nh02347l0","modified":"2017-02-08T10:27:01+01:00","checksum":"51168588319"}
_2librisxl
887 _a{"@id":"7ckzhv6d5t1vbt7","modified":"2012-04-03T10:00:41+02:00","checksum":"55625815021"}
_2librisxl
887 _a{"@id":"sx420ndz3w7brth","modified":"2008-01-18T11:38:39+01:00","checksum":"55674942150"}
_2librisxl
887 _a{"@id":"tz533fc001k2t0s","modified":"2008-01-23T11:37:58+01:00","checksum":"54014750320"}
_2librisxl
887 _a{"@id":"bgnlm7bh2h19rld","modified":"2008-02-07T09:05:03+01:00","checksum":"59028643354"}
_2librisxl
887 _a{"@id":"fkrptsxl2hjmq0p","modified":"2008-02-14T11:15:32+01:00","checksum":"49075167261"}
_2librisxl
887 _a{"@id":"chpmj3sj08p11jn","modified":"2007-12-10T14:18:29+01:00","checksum":"70869507486"}
_2librisxl
887 _a{"@id":"6bjgf4vc1zm0sxd","modified":"2014-12-09T11:40:10+01:00","checksum":"62762752681"}
_2librisxl
887 _a{"@id":"djqnnhwk3q3c4b0","modified":"2009-12-14T09:54:47+01:00","checksum":"57184614112"}
_2librisxl
887 _a{"@id":"hmvn6gbn0zqg8f9","modified":"2015-06-22T11:00:55+02:00","checksum":"49736072380"}
_2librisxl
887 _a{"@id":"6bjghl2c0w3g8fp","modified":"2008-01-31T14:25:33+01:00","checksum":"62233409529"}
_2librisxl
887 _a{"@id":"v0648mw11p6vqwp","modified":"2008-02-19T14:38:21+01:00","checksum":"51073275013"}
_2librisxl
887 _a{"@id":"tz539tm05fxmsr4","modified":"2014-03-26T11:06:32+01:00","checksum":"45971067794"}
_2librisxl
887 _a{"@id":"v066lp7139327z6","modified":"2009-02-23T10:58:51+01:00","checksum":"49698526884"}
_2librisxl
887 _a{"@id":"djqnsp9k13jbwls","modified":"2008-02-13T16:45:33+01:00","checksum":"52100326580"}
_2librisxl
887 _a{"@id":"w1755t720sfcmw7","modified":"2008-01-28T09:12:55+01:00","checksum":"60410272678"}
_2librisxl
887 _a{"@id":"chpmjvnj3s2npqb","modified":"2007-12-06T14:00:21+01:00","checksum":"51535653563"}
_2librisxl
887 _a{"@id":"x287dm731tqjw6h","modified":"2015-01-16T09:07:35+01:00","checksum":"40337070850"}
_2librisxl
887 _a{"@id":"bgnljmfh27lt77n","modified":"2008-02-18T15:29:19+01:00","checksum":"55883520739"}
_2librisxl
887 _a{"@id":"w1755x2226v5bts","modified":"2008-01-28T12:39:06+01:00","checksum":"52290074624"}
_2librisxl
887 _a{"@id":"hmtrn2ln1jw692s","modified":"2007-12-07T12:50:00+01:00","checksum":"55287707363"}
_2librisxl
887 _a{"@id":"59hg2vtb3m54nhk","modified":"2011-11-24T10:10:14+01:00","checksum":"51956989338"}
_2librisxl
887 _a{"@id":"26dh04f702dpp8j","modified":"2010-03-29T16:49:10+02:00","checksum":"46528713844"}
_2librisxl
942 _2z
_cBOOK
949 _5G
_61001722195
_a08/36
_s7500
_tYNNNN